000 00453nam a2200193Ia 4500
003 0100
008 130303s9999 xx 000 0 und d
040 _cARRUPELIB
050 _aB171.J32 1992
100 _aJames, George G.M
245 _aStolen legacy
245 _bGreek philosophy is stolen Egyptian philosophy
260 _aTrenton
260 _bAfrica World Press
260 _C1992
300 _a190p.
300 _b 22cm
942 0 0 _01
999 _c19818
_d19818